000 00356nam a2200133Ia 4500
008 150202s9999 xx 000 0 und d
020 _a586048618
050 _aFIC
_bFIC
100 _aScott Justin.
245 4 _aThe shipkiller /
_cJustin Scott.
260 _aGreat Britain :
_bGranada Pub.,
_c1979.
300 _a431 pages :
_c18 cm.
650 _aFiction.
999 _c282394
_d282394